| 000 | 00450nam a22001817a 4500 | ||
|---|---|---|---|
| 003 | CEME | ||
| 005 | 20210628210329.0 | ||
| 008 | 201231b xxu||||| |||| 00| 0 eng d | ||
| 020 | _a9780718042509 | ||
| 040 | _cceme | ||
| 082 | _a158.1 | ||
| 100 |
_aMaxwell, John C _956052 |
||
| 245 | _aYour road map for success | ||
| 260 |
_aINDIA _bTHOMAS NELSON _c2002 |
||
| 300 | _aV, 244P | ||
| 650 |
_aYOUR ROAD MAP FOR SUCCESS _979018 |
||
| 942 |
_cBK _2ddc |
||
| 999 |
_c584090 _d584090 |
||